Statistics for World Capitals Closest to New Delhi - 30 Second Sprint

Click here to take the quiz!

General Stats

  • This quiz has been taken 22 times
  • The average score is 9 of 20

Answer Stats

kmcapitalmiles% Correct
802Kathmandu498
94%
689Islamabad428
88%
1006Kabul625
69%
1420Dhaka882
63%
2546Tehran1582
63%
1350Dushanbe839
56%
1226Thimphu762
56%
2438Colombo1515
50%
1582Tashkent983
50%
1601Bishkek995
44%
2032Ashgabat1263
38%
2751Malé1710
38%
2153Naypyidaw1338
38%
2319Abu Dhabi1441
25%
2556Astana1588
25%
1946Muscat1209
19%
2815Baku1749
13%
2571Doha1598
13%
2841Kuwait City1765
6%
2640Manama1641
6%

Score Distribution

Percentile by Number Answered

Percent of People with Each Score

Your Score History

You have not taken this quiz